[Event "EYCC 2024 - O12"]
[Site "?"]
[Date "2024.08.31"]
[Round "9.1"]
[White "Gibala, Adam"]
[Black "Golis, Wiktor"]
[Result "1/2-1/2"]
[BlackElo "2216"]
[WhiteElo "2199"]
[LiveChessVersion "1.4.8"]

1. e4 {[%clk 1:30:58]} e5 {[%clk 1:30:46]} 2. Nf3 {[%clk 1:31:24]} Nc6
{[%clk 1:31:11]} 3. Bb5 {[%clk 1:31:49]} a6 {[%clk 1:31:35]} 4. Ba4
{[%clk 1:32:15]} Nf6 {[%clk 1:31:55]} 5. O-O {[%clk 1:32:37]} Be7
{[%clk 1:32:19]} 6. Re1 {[%clk 1:32:34]} b5 {[%clk 1:32:41]} 7. Bb3
{[%clk 1:33:01]} O-O {[%clk 1:33:01]} 8. d3 {[%clk 1:33:28]} d6 {[%clk 1:31:20]}
9. a4 {[%clk 1:33:39]} b4 {[%clk 1:29:15]} 10. a5 {[%clk 1:33:47]} Rb8
{[%clk 1:29:22]} 11. c3 {[%clk 1:29:37]} Be6 {[%clk 1:11:32]} 12. Bxe6
{[%clk 1:28:50]} fxe6 {[%clk 1:11:53]} 13. d4 {[%clk 1:28:47]} exd4
{[%clk 1:08:13]} 14. Nxd4 {[%clk 1:25:54]} Qd7 {[%clk 1:07:18]} 15. Qe2
{[%clk 1:17:43]} Nxd4 {[%clk 0:58:02]} 16. cxd4 {[%clk 1:18:06]} Qb5
{[%clk 0:56:45]} 17. Nd2 {[%clk 1:15:49]} Nd7 {[%clk 0:47:56]} 18. Qc4
{[%clk 1:11:12]} Qxc4 {[%clk 0:45:51]} 19. Nxc4 {[%clk 1:11:41]} e5
{[%clk 0:41:39]} 20. d5 {[%clk 1:08:25]} Nc5 {[%clk 0:41:48]} 21. f3
{[%clk 1:07:10]} Nb3 {[%clk 0:40:25]} 22. Ra4 {[%clk 1:06:20]} h6
{[%clk 0:37:15]} 23. Be3 {[%clk 1:04:32]} Bg5 {[%clk 0:32:51]} 24. Bf2
{[%clk 1:04:32]} h5 {[%clk 0:32:03]} 25. h4 {[%clk 1:04:03]} Bh6 {[%clk 0:31:55]}
26. Rd1 {[%clk 1:04:27]} Rb5 {[%clk 0:30:33]} 27. Kf1 {[%clk 1:03:54]} Kh7
{[%clk 0:29:12]} 28. Re1 {[%clk 1:01:10]} Nc1 {[%clk 0:22:52]} 29. Rd1
{[%clk 1:00:57]} Kg8 {[%clk 0:18:16]} 30. Ra1 {[%clk 0:57:12]} Nb3
{[%clk 0:18:41]} 31. Ra4 {[%clk 0:57:37]} Nc1 {[%clk 0:19:04]} 32. Be1
{[%clk 0:56:12]} Rfb8 {[%clk 0:19:01]} 33. Bf2 {[%clk 0:56:29]} Rf8
{[%clk 0:19:22]} 34. Kg1 {[%clk 0:53:06]} g6 {[%clk 0:17:47]} 35. Kh2
{[%clk 0:50:41]} Nb3 {[%clk 0:17:21]} 36. Rh1 {[%clk 0:50:29]} Kh7
{[%clk 0:16:28]} 37. Kg1 {[%clk 0:50:47]} Nd2 {[%clk 0:13:28]} 38. Nxd2
{[%clk 0:50:38]} Bxd2 {[%clk 0:13:56]} 39. b3 {[%clk 0:51:07]} c6
{[%clk 0:11:24]} 40. Ra2 {[%clk 0:50:58]} Bc3 {[%clk 0:11:45]} 41. dxc6
{[%clk 0:51:15]} Rc8 {[%clk 0:12:09]} 42. Kh2 {[%clk 0:51:24]} Rxc6
{[%clk 0:12:26]} 43. Rd1 {[%clk 0:51:48]} d5 {[%clk 0:11:02]} 44. exd5
{[%clk 0:50:10]} Rd6 {[%clk 0:11:25]} 45. Bb6 {[%clk 0:48:49]} Rbxd5
{[%clk 0:11:27]} 46. Rxd5 {[%clk 0:49:13]} Rxd5 {[%clk 0:11:54]} 47. Re2
{[%clk 0:48:34]} Bd4 {[%clk 0:07:50]} 48. Bxd4 {[%clk 0:48:25]} exd4
{[%clk 0:08:13]} 49. Rd2 {[%clk 0:48:12]} d3 {[%clk 0:07:52]} 50. Kg3
{[%clk 0:48:24]} Rxa5 {[%clk 0:05:45]} 51. Rxd3 {[%clk 0:48:51]} Ra2
{[%clk 0:05:08]} 52. Rd7+ {[%clk 0:48:59]} Kg8 {[%clk 0:04:25]} 53. Ra7
{[%clk 0:49:12]} a5 {[%clk 0:04:10]} 54. Kf4 {[%clk 0:49:26]} Rxg2
{[%clk 0:03:25]} 55. Rxa5 {[%clk 0:49:46]} Rb2 {[%clk 0:03:40]} 56. Kg5
{[%clk 0:49:51]} Rxb3 {[%clk 0:03:56]} 57. Kxg6 {[%clk 0:48:58]} Rxf3
{[%clk 0:04:16]} 58. Rb5 {[%clk 0:49:14]} Rg3+ {[%clk 0:04:13]} 59. Kxh5 1/2-1/2

[Event "EYCC 2024 - O12"]
[Site "?"]
[Date "2024.08.31"]
[Round "9.2"]
[White "Ambartsumian, Tyhran"]
[Black "Shilon Rahav, Eliran"]
[Result "1-0"]
[BlackElo "2103"]
[WhiteElo "2156"]
[LiveChessVersion "1.4.8"]

1. e4 {[%clk 1:30:27]} c5 {[%clk 1:30:36]} 2. Nf3 {[%clk 1:30:55]} Nc6
{[%clk 1:30:47]} 3. Bb5 {[%clk 1:31:17]} g6 {[%clk 1:30:59]} 4. O-O
{[%clk 1:31:41]} Bg7 {[%clk 1:31:14]} 5. c3 {[%clk 1:32:04]} Nf6 {[%clk 1:31:28]}
6. Re1 {[%clk 1:32:28]} O-O {[%clk 1:31:39]} 7. d4 {[%clk 1:32:52]} d5
{[%clk 1:31:55]} 8. e5 {[%clk 1:33:15]} Ne4 {[%clk 1:32:18]} 9. Be3
{[%clk 1:33:39]} cxd4 {[%clk 1:32:12]} 10. cxd4 {[%clk 1:33:20]} Qb6
{[%clk 1:32:04]} 11. Bxc6 {[%clk 1:33:42]} Qxc6 {[%clk 1:31:54]} 12. Nfd2
{[%clk 1:33:40]} Be6 {[%clk 1:31:29]} 13. Nb3 {[%clk 1:33:29]} f5
{[%clk 1:31:35]} 14. f3 {[%clk 1:33:51]} f4 {[%clk 1:31:51]} 15. Bc1
{[%clk 1:34:14]} Rad8 {[%clk 1:32:01]} 16. Qe2 {[%clk 1:33:19]} Ng5
{[%clk 1:32:08]} 17. Bd2 {[%clk 1:33:01]} Bc8 {[%clk 1:31:02]} 18. Nc3
{[%clk 1:10:42]} Ne6 {[%clk 1:28:06]} 19. Rac1 {[%clk 1:07:21]} g5
{[%clk 1:25:38]} 20. Nb5 {[%clk 0:53:22]} Qe8 {[%clk 1:22:52]} 21. Nc7
{[%clk 0:48:20]} Qg6 {[%clk 1:22:17]} 22. Bb4 {[%clk 0:46:35]} Nxc7
{[%clk 1:00:07]} 23. Rxc7 {[%clk 0:46:04]} Rde8 {[%clk 0:59:02]} 24. Rec1
{[%clk 0:40:32]} Bf5 {[%clk 0:52:41]} 25. Bxe7 {[%clk 0:40:02]} Rf7
{[%clk 0:52:49]} 26. Bb4 {[%clk 0:40:16]} Rxc7 {[%clk 0:45:25]} 27. Rxc7
{[%clk 0:40:39]} Bxe5 {[%clk 0:35:30]} 28. dxe5 {[%clk 0:36:44]} Qb6+
{[%clk 0:35:53]} 29. Rc5 {[%clk 0:37:08]} Qxb4 {[%clk 0:36:19]} 30. Rb5
{[%clk 0:30:26]} Qc4 {[%clk 0:31:14]} 31. Qxc4 {[%clk 0:30:10]} dxc4
{[%clk 0:31:43]} 32. Nd4 {[%clk 0:30:30]} Bd3 {[%clk 0:29:57]} 33. e6
{[%clk 0:30:09]} Kg7 {[%clk 0:13:07]} 34. Rxb7+ {[%clk 0:28:11]} Kf6
{[%clk 0:13:25]} 35. Rxa7 {[%clk 0:28:20]} Rb8 {[%clk 0:13:11]} 36. Rf7+
{[%clk 0:27:15]} Ke5 {[%clk 0:10:38]} 37. Nc6+ {[%clk 0:23:23]} Kxe6
{[%clk 0:11:03]} 38. Nxb8 {[%clk 0:23:49]} Kxf7 {[%clk 0:11:28]} 39. a4
{[%clk 0:23:54]} Ke6 {[%clk 0:11:05]} 40. a5 {[%clk 0:24:16]} Kd6
{[%clk 0:11:03]} 41. a6 {[%clk 0:24:40]} Kc7 {[%clk 0:11:23]} 42. a7
{[%clk 0:25:05]} Kb7 {[%clk 0:11:49]} 43. Nc6 {[%clk 0:25:31]} Bg6
{[%clk 0:02:44]} 44. Kf2 {[%clk 0:25:54]} Ka8 {[%clk 0:02:13]} 45. h3
{[%clk 0:24:34]} h5 {[%clk 0:00:42]} 46. Ne5 {[%clk 0:24:30]} Bf5
{[%clk 0:00:55]} 47. Nxc4 Kxa7 48. Nd6 {[%clk 0:25:14]} Be6 {[%clk 0:01:40]} 49.
Ne4 {[%clk 0:24:05]} g4 {[%clk 0:02:03]} 50. fxg4 {[%clk 0:24:20]} hxg4
{[%clk 0:02:32]} 51. h4 {[%clk 0:24:44]} Bd5 {[%clk 0:00:44]} 52. Nf6
{[%clk 0:25:14]} g3+ {[%clk 0:01:09]} 53. Kg1 {[%clk 0:25:38]} Bc4
{[%clk 0:00:33]} 54. h5 {[%clk 0:26:03]} Kb6 {[%clk 0:01:00]} 55. h6
{[%clk 0:26:29]} Bd3 {[%clk 0:01:27]} 56. h7 {[%clk 0:26:55]} Bxh7
{[%clk 0:01:54]} 57. Nxh7 {[%clk 0:27:21]} Kc5 {[%clk 0:02:19]} 58. Ng5
{[%clk 0:27:40]} 1-0

[Event "EYCC 2024 - O12"]
[Site "?"]
[Date "2024.08.31"]
[Round "9.3"]
[White "Radzimski, Antoni"]
[Black "Saminskij, Jan"]
[Result "1-0"]
[BlackElo "2115"]
[WhiteElo "2062"]
[LiveChessVersion "1.4.8"]

1. d4 d5 {[%clk 1:30:08]} 2. c4 {[%clk 1:31:20]} e6 {[%clk 1:30:18]} 3. Nc3
{[%clk 1:31:45]} Nf6 {[%clk 1:30:39]} 4. cxd5 {[%clk 1:32:13]} exd5
{[%clk 1:30:53]} 5. Bg5 {[%clk 1:32:39]} Be7 {[%clk 1:30:51]} 6. e3
{[%clk 1:33:00]} h6 {[%clk 1:31:14]} 7. Bh4 {[%clk 1:33:25]} O-O {[%clk 1:31:37]}
8. Bd3 {[%clk 1:33:52]} Re8 {[%clk 1:32:00]} 9. Nge2 {[%clk 1:34:07]} Nbd7
{[%clk 1:32:06]} 10. Qc2 {[%clk 1:34:22]} c6 {[%clk 1:32:29]} 11. O-O
{[%clk 1:34:47]} Nh5 {[%clk 1:31:53]} 12. Bxe7 {[%clk 1:34:51]} Qxe7
{[%clk 1:32:04]} 13. Rae1 {[%clk 1:35:18]} Nf8 {[%clk 1:30:17]} 14. Nc1
{[%clk 1:35:36]} Nf6 {[%clk 1:30:36]} 15. f3 {[%clk 1:34:08]} Ne6
{[%clk 1:31:00]} 16. N1e2 {[%clk 1:31:25]} c5 {[%clk 1:22:20]} 17. Qd2
{[%clk 1:27:15]} Bd7 {[%clk 1:14:20]} 18. Kh1 {[%clk 1:24:39]} cxd4
{[%clk 1:10:25]} 19. exd4 {[%clk 1:23:12]} Qd6 {[%clk 1:07:31]} 20. Bc2
{[%clk 1:17:37]} b5 {[%clk 1:00:21]} 21. Nd1 {[%clk 1:14:08]} b4 {[%clk 0:55:41]}
22. Ne3 {[%clk 1:09:13]} Nf4 {[%clk 0:48:28]} 23. Nxf4 {[%clk 1:05:50]} Qxf4
{[%clk 0:47:46]} 24. Qd3 {[%clk 1:04:41]} g6 {[%clk 0:44:06]} 25. Bb3
{[%clk 1:00:18]} Qd6 {[%clk 0:43:04]} 26. Rc1 {[%clk 0:57:07]} a5
{[%clk 0:39:47]} 27. Rc5 {[%clk 0:54:09]} a4 {[%clk 0:39:36]} 28. Bxd5
{[%clk 0:52:44]} Rxe3 {[%clk 0:39:48]} 29. Qxg6+ {[%clk 0:53:02]} 1-0

[Event "EYCC 2024 - O12"]
[Site "?"]
[Date "2024.08.31"]
[Round "9.4"]
[White "Ritzerveld, Noah"]
[Black "Golubovic, Erik"]
[Result "1/2-1/2"]
[BlackElo "2117"]
[WhiteElo "2293"]
[LiveChessVersion "1.4.8"]

1. e4 {[%clk 1:30:57]} c5 {[%clk 1:30:56]} 2. Nf3 {[%clk 1:31:22]} d6
{[%clk 1:31:20]} 3. d4 {[%clk 1:31:48]} cxd4 {[%clk 1:31:46]} 4. Nxd4
{[%clk 1:32:13]} Nf6 {[%clk 1:32:09]} 5. Nc3 {[%clk 1:32:36]} a6 {[%clk 1:32:27]}
6. f3 {[%clk 1:32:36]} e5 {[%clk 1:32:45]} 7. Nb3 {[%clk 1:33:01]} Be7
{[%clk 1:33:01]} 8. Be3 {[%clk 1:33:24]} Be6 {[%clk 1:33:18]} 9. Qd2
{[%clk 1:33:48]} h5 {[%clk 1:33:14]} 10. Nd5 {[%clk 1:34:09]} Bxd5
{[%clk 1:31:43]} 11. exd5 {[%clk 1:34:31]} Nbd7 {[%clk 1:31:39]} 12. O-O-O
{[%clk 1:34:39]} Qc7 {[%clk 1:30:57]} 13. c4 {[%clk 1:34:34]} a5 {[%clk 1:29:33]}
14. Kb1 {[%clk 1:34:46]} O-O {[%clk 1:27:16]} 15. Be2 {[%clk 1:29:09]} Rfe8
{[%clk 1:20:13]} 16. Rc1 {[%clk 1:16:59]} a4 {[%clk 1:15:51]} 17. Na1
{[%clk 1:17:23]} Bf8 {[%clk 1:13:55]} 18. Nc2 {[%clk 1:16:07]} a3
{[%clk 1:13:16]} 19. Nxa3 {[%clk 1:04:19]} Rxa3 {[%clk 1:13:22]} 20. bxa3
{[%clk 1:04:42]} Nc5 {[%clk 1:13:00]} 21. Rc3 {[%clk 0:53:06]} Nfd7
{[%clk 1:10:30]} 22. Kc2 {[%clk 0:50:05]} g6 {[%clk 1:02:45]} 23. Rb1
{[%clk 0:44:11]} Bg7 {[%clk 1:01:50]} 24. Kd1 {[%clk 0:40:55]} Kh7
{[%clk 0:56:39]} 25. Rc2 {[%clk 0:38:43]} Ra8 {[%clk 0:48:41]} 26. Ke1
{[%clk 0:33:24]} Rxa3 {[%clk 0:47:54]} 27. Kf1 {[%clk 0:32:08]} Qd8
{[%clk 0:41:48]} 28. Kg1 {[%clk 0:30:11]} Qa8 {[%clk 0:38:21]} 29. Rb5
{[%clk 0:26:16]} f5 {[%clk 0:30:22]} 30. Bf1 {[%clk 0:24:45]} Qa4
{[%clk 0:29:00]} 31. Rb4 {[%clk 0:19:48]} Qa5 {[%clk 0:27:52]} 32. Rb1
{[%clk 0:19:05]} Qa4 {[%clk 0:27:06]} 33. Rbc1 {[%clk 0:17:41]} Qa8
{[%clk 0:24:06]} 34. Kh1 {[%clk 0:16:45]} Qf8 {[%clk 0:22:22]} 35. Re1
{[%clk 0:15:57]} e4 {[%clk 0:20:05]} 36. f4 {[%clk 0:14:39]} Nd3 {[%clk 0:19:06]}
37. Bxd3 {[%clk 0:14:22]} exd3 {[%clk 0:16:40]} 38. Rcc1 {[%clk 0:14:02]} Nf6
{[%clk 0:15:40]} 39. Qb4 {[%clk 0:06:46]} Qa8 {[%clk 0:10:36]} 40. Rc3
{[%clk 0:05:50]} Ra4 {[%clk 0:08:59]} 41. Qb1 {[%clk 0:05:47]} d2
{[%clk 0:08:11]} 42. Bxd2 {[%clk 0:05:36]} Ne4 {[%clk 0:07:29]} 43. Rc2
{[%clk 0:05:54]} h4 {[%clk 0:02:26]} 44. Be3 {[%clk 0:05:53]} h3 {[%clk 0:02:39]}
45. gxh3 {[%clk 0:05:45]} b5 {[%clk 0:02:20]} 46. Qxb5 {[%clk 0:04:56]} Rxa2
{[%clk 0:02:41]} 47. Rxa2 {[%clk 0:03:54]} Qxa2 {[%clk 0:03:09]} 48. Qb1
{[%clk 0:02:03]} Qxc4 {[%clk 0:02:48]} 49. Rd1 {[%clk 0:01:32]} Qe2
{[%clk 0:02:11]} 50. Qd3 {[%clk 0:01:26]} Qf3+ {[%clk 0:01:43]} 51. Kg1
{[%clk 0:01:44]} Qxh3 {[%clk 0:01:50]} 52. Rf1 {[%clk 0:01:38]} Qg4+
{[%clk 0:01:33]} 53. Kh1 {[%clk 0:02:01]} Ng3+ {[%clk 0:01:00]} 54. hxg3
{[%clk 0:02:00]} Qh3+ {[%clk 0:01:06]} 55. Kg1 {[%clk 0:02:22]} Qxg3+
{[%clk 0:01:33]} 56. Kh1 {[%clk 0:02:44]} Qh3+ {[%clk 0:01:55]} 57. Kg1
{[%clk 0:03:07]} Qg3+ {[%clk 0:02:18]} 58. Kh1 {[%clk 0:03:31]} 1/2-1/2

[Event "EYCC 2024 - O12"]
[Site "?"]
[Date "2024.08.31"]
[Round "9.5"]
[White "Brzezina, Pawel"]
[Black "Marynychenko, Yehor"]
[Result "1-0"]
[BlackElo "2015"]
[WhiteElo "2121"]
[LiveChessVersion "1.4.8"]

1. d4 {[%clk 1:30:39]} Nf6 {[%clk 1:30:54]} 2. c4 {[%clk 1:30:42]} g6
{[%clk 1:31:18]} 3. g3 {[%clk 1:30:47]} Bg7 {[%clk 1:31:36]} 4. Bg2
{[%clk 1:31:06]} O-O {[%clk 1:31:48]} 5. Nc3 {[%clk 1:31:20]} d6 {[%clk 1:31:53]}
6. Nf3 {[%clk 1:31:32]} Nbd7 {[%clk 1:28:08]} 7. O-O {[%clk 1:31:34]} c6
{[%clk 1:25:51]} 8. e4 {[%clk 1:30:38]} e5 {[%clk 1:25:07]} 9. Be3
{[%clk 1:27:44]} Qe7 {[%clk 1:19:15]} 10. Re1 {[%clk 1:22:43]} h6
{[%clk 1:15:35]} 11. h3 {[%clk 1:21:09]} Rd8 {[%clk 1:11:49]} 12. Qc2
{[%clk 1:18:58]} a5 {[%clk 1:06:44]} 13. Rad1 {[%clk 1:14:35]} exd4
{[%clk 1:02:26]} 14. Bxd4 {[%clk 1:09:04]} Ne8 {[%clk 1:00:03]} 15. Bxg7
{[%clk 1:08:45]} Kxg7 {[%clk 1:00:10]} 16. Qd2 {[%clk 1:07:19]} Ne5
{[%clk 0:57:14]} 17. Nxe5 {[%clk 1:05:55]} Qxe5 {[%clk 0:57:37]} 18. b3
{[%clk 1:03:38]} Be6 {[%clk 0:54:45]} 19. f4 {[%clk 0:53:42]} Qf6
{[%clk 0:52:13]} 20. Rf1 {[%clk 0:52:52]} d5 {[%clk 0:47:17]} 21. cxd5
{[%clk 0:48:51]} cxd5 {[%clk 0:47:38]} 22. e5 {[%clk 0:37:24]} Qe7
{[%clk 0:47:53]} 23. Ne2 {[%clk 0:37:48]} Bf5 {[%clk 0:36:26]} 24. Qe3
{[%clk 0:35:44]} h5 {[%clk 0:33:04]} 25. Nd4 {[%clk 0:31:22]} Nd6
{[%clk 0:31:30]} 26. Qe2 {[%clk 0:28:41]} Ne4 {[%clk 0:31:19]} 27. Nxf5+
{[%clk 0:29:01]} gxf5 {[%clk 0:31:43]} 28. Bxe4 {[%clk 0:29:21]} dxe4
{[%clk 0:27:13]} 29. Qxh5 {[%clk 0:29:01]} Rxd1 {[%clk 0:24:57]} 30. Rxd1
{[%clk 0:29:00]} Qc5+ {[%clk 0:24:40]} 31. Kh1 {[%clk 0:29:15]} Qf2
{[%clk 0:24:19]} 32. e6 {[%clk 0:26:41]} Qf3+ {[%clk 0:24:41]} 33. Qxf3
{[%clk 0:27:03]} exf3 {[%clk 0:25:10]} 34. exf7 {[%clk 0:25:26]} Kxf7
{[%clk 0:25:28]} 35. Kg1 {[%clk 0:25:09]} Rc8 {[%clk 0:25:26]} 36. Rd2
{[%clk 0:25:27]} Rc3 {[%clk 0:25:10]} 37. Kf2 {[%clk 0:25:33]} Ke6
{[%clk 0:25:34]} 38. g4 {[%clk 0:25:34]} fxg4 {[%clk 0:25:34]} 39. hxg4
{[%clk 0:25:56]} b5 {[%clk 0:25:43]} 40. Kg3 {[%clk 0:25:31]} a4 {[%clk 0:26:07]}
41. bxa4 {[%clk 0:25:46]} bxa4 {[%clk 0:26:29]} 42. Rf2 {[%clk 0:25:39]} Ra3
{[%clk 0:26:55]} 43. f5+ {[%clk 0:25:31]} Kf6 {[%clk 0:26:37]} 44. Kf4
{[%clk 0:25:52]} Kf7 {[%clk 0:26:59]} 45. g5 {[%clk 0:25:30]} Kg7
{[%clk 0:27:24]} 46. Ke4 {[%clk 0:25:18]} Kf7 {[%clk 0:27:42]} 47. Rc2
{[%clk 0:25:37]} Ke7 {[%clk 0:27:00]} 48. f6+ {[%clk 0:24:36]} Kd6
{[%clk 0:25:49]} 49. g6 {[%clk 0:24:31]} Ke6 {[%clk 0:25:27]} 50. f7
{[%clk 0:24:49]} Ke7 {[%clk 0:25:52]} 51. Rc7+ {[%clk 0:25:12]} Kf8
{[%clk 0:26:18]} 52. Rc8+ {[%clk 0:25:35]} 1-0

[Event "EYCC 2024 - O12"]
[Site "?"]
[Date "2024.08.31"]
[Round "9.6"]
[White "Oikonomopoulos, Filippos"]
[Black "Papai, Mate"]
[Result "1-0"]
[BlackElo "1985"]
[WhiteElo "2088"]
[LiveChessVersion "1.4.8"]

1. e4 {[%clk 1:30:57]} c5 {[%clk 1:30:54]} 2. Nf3 {[%clk 1:31:23]} e6
{[%clk 1:31:19]} 3. d4 {[%clk 1:31:46]} cxd4 {[%clk 1:31:45]} 4. Nxd4
{[%clk 1:32:09]} Nc6 {[%clk 1:32:13]} 5. Nc3 {[%clk 1:32:28]} Qc7
{[%clk 1:32:35]} 6. Be2 {[%clk 1:32:50]} a6 {[%clk 1:32:55]} 7. Nxc6
{[%clk 1:33:15]} bxc6 {[%clk 1:33:19]} 8. Qd3 {[%clk 1:33:35]} d5
{[%clk 1:33:15]} 9. Qg3 {[%clk 1:33:59]} Qxg3 {[%clk 1:33:27]} 10. hxg3
{[%clk 1:34:24]} Nf6 {[%clk 1:33:40]} 11. g4 {[%clk 1:34:45]} Nxe4
{[%clk 1:33:45]} 12. Nxe4 {[%clk 1:35:08]} dxe4 {[%clk 1:34:13]} 13. Be3
{[%clk 1:35:17]} e5 {[%clk 1:34:07]} 14. O-O-O {[%clk 1:33:46]} Be6
{[%clk 1:31:26]} 15. a3 {[%clk 1:28:53]} Be7 {[%clk 1:29:52]} 16. g5
{[%clk 1:05:14]} Bf5 {[%clk 1:22:42]} 17. Rh4 {[%clk 1:00:51]} f6
{[%clk 1:11:27]} 18. gxf6 {[%clk 0:59:28]} Bxf6 {[%clk 1:11:51]} 19. Rh5
{[%clk 0:57:05]} Bg6 {[%clk 1:01:01]} 20. Rhh1 {[%clk 0:57:12]} Be7
{[%clk 0:59:31]} 21. Bg4 {[%clk 0:52:37]} Rd8 {[%clk 0:48:56]} 22. Rxd8+
{[%clk 0:49:33]} Bxd8 {[%clk 0:49:12]} 23. Rd1 {[%clk 0:49:36]} Be7
{[%clk 0:39:04]} 24. Bd7+ {[%clk 0:43:55]} Kf7 {[%clk 0:39:23]} 25. Bxc6
{[%clk 0:44:12]} Kf6 {[%clk 0:31:55]} 26. Rd7 {[%clk 0:34:41]} Rd8
{[%clk 0:26:36]} 27. Ra7 {[%clk 0:26:05]} Bh5 {[%clk 0:24:58]} 28. b4
{[%clk 0:25:45]} Rd1+ {[%clk 0:20:14]} 29. Kb2 {[%clk 0:26:08]} Be2
{[%clk 0:20:40]} 30. Bxe4 {[%clk 0:23:51]} Ke6 {[%clk 0:20:05]} 31. Bxh7
{[%clk 0:19:17]} Bf6 {[%clk 0:18:58]} 32. Be4 {[%clk 0:19:07]} g5
{[%clk 0:17:27]} 33. a4 {[%clk 0:13:42]} g4 {[%clk 0:17:22]} 34. g3
{[%clk 0:13:55]} Be7 {[%clk 0:17:13]} 35. c3 {[%clk 0:13:33]} Bc4
{[%clk 0:17:12]} 36. Bc2 {[%clk 0:12:16]} Re1 {[%clk 0:17:26]} 37. Bb3
{[%clk 0:12:03]} Re2+ {[%clk 0:15:15]} 38. Ka3 {[%clk 0:12:22]} Bxb3
{[%clk 0:15:34]} 39. Kxb3 {[%clk 0:12:23]} Bd6 {[%clk 0:15:17]} 40. Rxa6
{[%clk 0:12:28]} Kd7 {[%clk 0:15:40]} 41. Kc4 {[%clk 0:12:39]} Re1
{[%clk 0:15:50]} 42. a5 {[%clk 0:12:12]} Ra1 {[%clk 0:15:46]} 43. Bc5
{[%clk 0:11:51]} Bxc5 {[%clk 0:15:52]} 44. Kxc5 {[%clk 0:12:16]} Rc1
{[%clk 0:15:56]} 45. c4 {[%clk 0:12:11]} Rf1 {[%clk 0:16:17]} 46. Rd6+
{[%clk 0:12:20]} Ke7 {[%clk 0:16:28]} 47. Rd2 {[%clk 0:12:29]} Ra1
{[%clk 0:16:19]} 48. Kb6 {[%clk 0:12:24]} e4 {[%clk 0:16:43]} 49. a6
{[%clk 0:12:43]} e3 {[%clk 0:17:10]} 50. fxe3 {[%clk 0:13:01]} Kf6
{[%clk 0:17:36]} 51. a7 {[%clk 0:13:22]} Kf5 {[%clk 0:17:13]} 52. Rd5+
{[%clk 0:13:47]} Ke6 {[%clk 0:17:28]} 53. Ra5 {[%clk 0:14:12]} Rd1
{[%clk 0:17:26]} 54. a8=Q {[%clk 0:14:31]} Rd6+ {[%clk 0:17:44]} 55. Kc5
{[%clk 0:14:49]} Rd7 {[%clk 0:18:06]} 56. Qe8+ {[%clk 0:15:13]} Re7
{[%clk 0:18:28]} 57. Ra6+ {[%clk 0:15:28]} Kf5 {[%clk 0:18:53]} 58. Qf8+
{[%clk 0:15:49]} Ke4 {[%clk 0:19:10]} 59. Qf4+ {[%clk 0:16:11]} Kd3
{[%clk 0:19:36]} 60. Qd4+ {[%clk 0:16:31]} 1-0

[Event "EYCC 2024 - O12"]
[Site "?"]
[Date "2024.08.31"]
[Round "9.7"]
[White "Kopecny, Filip"]
[Black "Nicot, Valentin"]
[Result "0-1"]
[BlackElo "2068"]
[WhiteElo "2008"]
[LiveChessVersion "1.4.8"]

1. e4 {[%clk 1:30:53]} e5 {[%clk 1:30:34]} 2. Nf3 {[%clk 1:31:04]} Nf6
{[%clk 1:30:40]} 3. Nc3 {[%clk 1:30:40]} Nc6 {[%clk 1:31:00]} 4. d4
{[%clk 1:30:37]} Bb4 {[%clk 1:30:44]} 5. Nxe5 {[%clk 1:16:25]} Qe7
{[%clk 1:30:59]} 6. Nxc6 {[%clk 1:06:46]} Qxe4+ {[%clk 1:31:12]} 7. Qe2
{[%clk 1:05:05]} Qxe2+ 8. Bxe2 {[%clk 1:05:16]} dxc6 {[%clk 1:32:02]} 9. O-O
{[%clk 1:05:30]} Bf5 {[%clk 1:30:36]} 10. Bd1 {[%clk 1:02:55]} O-O-O
{[%clk 1:30:01]} 11. Ne2 {[%clk 1:01:26]} Rhe8 {[%clk 1:27:22]} 12. Ng3
{[%clk 1:00:47]} Be6 {[%clk 1:25:19]} 13. Be2 {[%clk 0:56:03]} Bd6
{[%clk 1:22:21]} 14. c3 {[%clk 0:52:17]} Nd5 {[%clk 1:17:46]} 15. Bd3
{[%clk 0:49:45]} Nf4 {[%clk 1:13:04]} 16. Bxf4 {[%clk 0:46:27]} Bxf4
{[%clk 1:13:10]} 17. Ne4 {[%clk 0:41:58]} b6 {[%clk 1:05:30]} 18. g3
{[%clk 0:40:31]} Bh6 {[%clk 1:04:34]} 19. f4 {[%clk 0:39:58]} Kb7
{[%clk 0:53:38]} 20. Nf2 {[%clk 0:37:26]} g6 {[%clk 0:51:29]} 21. Rfe1
{[%clk 0:37:32]} Bf8 {[%clk 0:46:39]} 22. Be4 {[%clk 0:36:39]} Bd5
{[%clk 0:45:54]} 23. Kg2 {[%clk 0:30:07]} Rxe4 {[%clk 0:43:11]} 24. Nxe4
{[%clk 0:29:50]} f5 {[%clk 0:43:34]} 25. Kf2 {[%clk 0:29:44]} Bxe4
{[%clk 0:43:44]} 26. Rad1 {[%clk 0:29:57]} a5 {[%clk 0:41:42]} 27. b3
{[%clk 0:29:54]} a4 {[%clk 0:41:05]} 28. Rd2 {[%clk 0:30:01]} Be7
{[%clk 0:36:26]} 29. Ke3 {[%clk 0:26:52]} c5 {[%clk 0:35:46]} 30. Red1
{[%clk 0:26:10]} cxd4+ {[%clk 0:35:30]} 31. cxd4 {[%clk 0:26:20]} Bb4
{[%clk 0:35:52]} 32. Re2 {[%clk 0:26:26]} c5 {[%clk 0:32:51]} 0-1

[Event "EYCC 2024 - O12"]
[Site "?"]
[Date "2024.08.31"]
[Round "9.8"]
[White "Kiryttopoulos, Ioannis"]
[Black "Filindash, Nikita"]
[Result "1/2-1/2"]
[BlackElo "2067"]
[WhiteElo "1922"]
[LiveChessVersion "1.4.8"]

1. e4 {[%clk 1:30:58]} e5 {[%clk 1:30:55]} 2. Nf3 {[%clk 1:31:25]} Nf6
{[%clk 1:31:20]} 3. Nxe5 {[%clk 1:31:48]} d6 {[%clk 1:31:46]} 4. Nf3
{[%clk 1:32:14]} Nxe4 {[%clk 1:32:13]} 5. Nc3 {[%clk 1:32:39]} Nxc3
{[%clk 1:32:37]} 6. dxc3 {[%clk 1:33:06]} Be7 {[%clk 1:32:59]} 7. Be3
{[%clk 1:33:28]} Nd7 {[%clk 1:33:11]} 8. Qd2 {[%clk 1:33:46]} O-O
{[%clk 1:33:35]} 9. O-O-O {[%clk 1:33:39]} Re8 {[%clk 1:33:42]} 10. Bd3
{[%clk 1:33:21]} c6 {[%clk 1:27:25]} 11. c4 {[%clk 1:30:48]} Nf6 {[%clk 1:27:05]}
12. Bd4 {[%clk 1:29:00]} d5 {[%clk 1:19:11]} 13. Rhe1 {[%clk 1:23:08]} Bg4
{[%clk 1:13:30]} 14. Qf4 {[%clk 1:15:59]} Be6 {[%clk 1:07:19]} 15. g4
{[%clk 0:54:47]} Bd6 {[%clk 0:50:05]} 16. Be5 {[%clk 0:53:43]} Bxg4
{[%clk 0:42:23]} 17. Bxd6 {[%clk 0:49:12]} Bxf3 {[%clk 0:41:08]} 18. Bc7
{[%clk 0:33:17]} Qd7 {[%clk 0:40:06]} 19. Rg1 {[%clk 0:18:35]} Bxd1
{[%clk 0:17:33]} 20. Qxf6 {[%clk 0:16:35]} Bg4 {[%clk 0:17:55]} 21. Qf4
{[%clk 0:13:49]} dxc4 {[%clk 0:10:41]} 22. Bxc4 {[%clk 0:13:24]} b6
{[%clk 0:10:22]} 23. f3 {[%clk 0:10:57]} Bh5 {[%clk 0:08:31]} 24. Be5
{[%clk 0:09:55]} Rxe5 {[%clk 0:08:40]} 25. Qxe5 {[%clk 0:10:11]} Bg6
{[%clk 0:09:07]} 26. Rd1 {[%clk 0:07:13]} Qf5 {[%clk 0:06:07]} 27. Qxf5
{[%clk 0:06:08]} Bxf5 {[%clk 0:06:35]} 28. Bd3 {[%clk 0:06:30]} Bxd3
{[%clk 0:03:56]} 29. Rxd3 {[%clk 0:06:55]} g5 {[%clk 0:02:35]} 30. Rd7
{[%clk 0:07:01]} Kg7 {[%clk 0:01:48]} 31. Kd2 {[%clk 0:06:24]} h5
{[%clk 0:01:18]} 32. h3 {[%clk 0:06:29]} c5 {[%clk 0:00:51]} 33. a4
{[%clk 0:06:30]} Kg6 {[%clk 0:00:57]} 34. b3 {[%clk 0:05:54]} f6 {[%clk 0:01:05]}
35. a5 {[%clk 0:03:55]} Kf5 {[%clk 0:00:38]} 36. Ke3 {[%clk 0:03:43]} Re8+
{[%clk 0:00:37]} 37. Kf2 {[%clk 0:04:09]} bxa5 {[%clk 0:00:51]} 38. Rxa7
{[%clk 0:03:29]} Rd8 {[%clk 0:01:20]} 39. Ke3 {[%clk 0:02:26]} Re8+
{[%clk 0:00:41]} 40. Kf2 {[%clk 0:02:49]} Rd8 {[%clk 0:00:43]} 41. Ke3
{[%clk 0:03:09]} Re8+ {[%clk 0:00:38]} 42. Kf2 {[%clk 0:03:33]} Rd8
{[%clk 0:01:02]} 43. Ke3 {[%clk 0:03:53]} Re8+ {[%clk 0:00:39]} 44. Kf2
{[%clk 0:04:13]} Rd8 {[%clk 0:01:00]} 1/2-1/2